[Event "POR-ch Blitz"]
[Site "Viseu"]
[Date "2022.06.11"]
[Round "2"]
[White "Gomes, Jose Luis Soares"]
[Black "Santos, Jose Guilherme B Li"]
[Result "0-1"]
[WhiteElo "1733"]
[BlackElo "2357"]
[PlyCount "52"]
[EventDate "2022.06.11"]
[EventType "swiss (blitz)"]
[EventRounds "11"]
[EventCountry "POR"]
[SourceTitle "CBM 208 Extra"]
[Source "ChessBase"]
[SourceDate "2022.07.31"]
[SourceVersion "1"]
[SourceVersionDate "2022.07.31"]
[SourceQuality "1"]

1. e4 e5 2. Nf3 Nc6 3. Bb5 a6 4. Ba4 Nf6 5. 0-0 b5 6. Bb3 Be7 7. Re1 0-0 8. c3 d5 9. exd5 Nxd5 10. d4 exd4 11. Nxd4 Nxd4 12. Qxd4 Bb7 13. Be3 c5 14. Qg4 Nxe3 15. Rxe3 c4 16. Bc2 g6 17. Na3 Bc5 18. Ree1 Qf6 19. Qg3 Rad8 20. Rad1 Rfe8 21. h3 h5 22. Rxe8+ Rxe8 23. Nb1 h4 24. Qg4 Qxf2+ 25. Kh1 Re1+ 26. Rxe1 Qxe1+ 0-1

[Event "Lisbon Portugal rapid 2op"]
[Site "Lisbon"]
[Date "2020.02.02"]
[Round "1"]
[White "Sabuk, Piotr"]
[Black "Gomes, Jose Luis Soares"]
[Result "0-1"]
[WhiteElo "2371"]
[BlackElo "1813"]
[PlyCount "96"]
[EventDate "2020.01.02"]
[EventType "swiss (rapid)"]
[EventRounds "8"]
[EventCountry "POR"]
[SourceTitle "CBM 194 Extra"]
[Source "ChessBase"]
[SourceDate "2020.03.31"]
[SourceVersion "1"]
[SourceVersionDate "2020.03.31"]
[SourceQuality "1"]

1. e4 b6 2. d4 Bb7 3. Nc3 e6 4. Nf3 Bb4 5. Bd3 Nf6 6. Qe2 d5 7. e5 Ne4 8. Bd2 Nxd2 9. Nxd2 h6 10. Qg4 Qg5 11. Qg3 Qxg3 12. hxg3 Nd7 13. a3 Be7 14. Ne2 c5 15. c3 0-0 16. f4 f5 17. Nf3 cxd4 18. Nexd4 Nc5 19. Ke2 Kf7 20. Rad1 Rac8 21. Bc2 Ba6+ 22. Ke3 Ne4 23. Bxe4 fxe4 24. Nd2 Bc5 25. Nf1 Bd3 26. Nd2 Ke7 27. N2b3 Bc4 28. Nd2 Ba6 29. Nf1 Kd7 30. Kd2 Bxd4 31. cxd4 Rc4 32. Ke3 Rfc8 33. Nd2 Rc2 34. Rb1 Bd3 35. g4 Rxd2 36. Kxd2 Rc2+ 37. Kd1 Rxg2 38. Rc1 Rxb2 39. f5 e3 40. f6 gxf6 41. exf6 Ke8 42. Rxh6 Bc4 43. Rxc4 dxc4 44. g5 c3 45. g6 e2+ 46. Ke1 c2 47. Rh8+ Kd7 48. Rh7+ Kd6 0-1

[Event "Lisbon Portugal rapid op"]
[Site "Lisbon"]
[Date "2019.02.10"]
[Round "1"]
[White "Gomes, Jose Luis Soares"]
[Black "Bernadskiy, Vitaliy"]
[Result "0-1"]
[WhiteElo "1844"]
[BlackElo "2570"]
[PlyCount "64"]
[EventDate "2019.02.10"]
[EventType "swiss (rapid)"]
[EventRounds "8"]
[EventCountry "POR"]
[SourceTitle "CBM 188 Extra"]
[Source "ChessBase"]
[SourceDate "2019.02.26"]
[SourceVersion "1"]
[SourceVersionDate "2019.02.26"]
[SourceQuality "1"]

1. e4 c6 2. d4 d5 3. exd5 cxd5 4. Bb5+ Bd7 5. Bxd7+ Nxd7 6. Nf3 Ngf6 7. 0-0 e6 8. Bg5 Qb6 9. b3 Ne4 10. c4 dxc4 11. bxc4 Nxg5 12. Nxg5 Be7 13. Nf3 0-0 14. c5 Qc6 15. Nbd2 b6 16. cxb6 axb6 17. a4 Ra7 18. Qb3 Rfa8 19. Rfc1 Qb7 20. Ne5 Nxe5 21. dxe5 b5 22. Rab1 Qd7 23. Ne4 bxa4 24. Qb6 a3 25. h3 a2 26. Ra1 h6 27. Nc3 Ra6 28. Qb3 Ra3 29. Qb2 Qd4 30. Qc2 Rc8 31. Nb5 Rxc2 32. Nxd4 Rxc1+ 0-1

[Event "Lisbon Portugal rapid op"]
[Site "Lisbon"]
[Date "2018.02.10"]
[Round "2"]
[White "Gomes, Jose Luis Soares"]
[Black "To, Nhat Minh"]
[Result "0-1"]
[WhiteElo "1889"]
[BlackElo "2338"]
[PlyCount "48"]
[EventDate "2018.02.10"]
[EventType "swiss (rapid)"]
[EventRounds "8"]
[EventCountry "POR"]
[SourceTitle "CBM 182 Extra"]
[Source "ChessBase"]
[SourceDate "2018.02.23"]
[SourceVersion "1"]
[SourceVersionDate "2018.02.23"]
[SourceQuality "1"]

1. e4 Nf6 2. e5 Nd5 3. d4 d6 4. c4 Nb6 5. exd6 cxd6 6. Qh5 g6 7. Qf3 Bg7 8. Be3 Nc6 9. Qd1 0-0 10. Nc3 d5 11. c5 Nc4 12. b3 Nxe3 13. fxe3 e5 14. dxe5 Bxe5 15. Rc1 d4 16. Nb5 Qh4+ 17. Ke2 dxe3 18. Qe1 Qh5+ 19. Nf3 a6 20. Nd6 Bg4 21. Kxe3 Bxd6 22. cxd6 Rfe8+ 23. Kf2 Rxe1 24. Kxe1 Bxf3 0-1

[Event "Lisbon Portugal op"]
[Site "Lisbon"]
[Date "2018.02.03"]
[Round "1"]
[White "Venkatesh, Marani Rajendran"]
[Black "Gomes, Jose Luis Soares"]
[Result "1-0"]
[WhiteElo "2445"]
[BlackElo "1889"]
[PlyCount "45"]
[EventDate "2018.02.03"]
[EventType "swiss"]
[EventRounds "9"]
[EventCountry "POR"]
[SourceTitle "CBM 182 Extra"]
[Source "ChessBase"]
[SourceDate "2018.02.23"]
[SourceVersion "1"]
[SourceVersionDate "2018.02.23"]
[SourceQuality "1"]

1. e4 c5 2. Nc3 d6 3. d4 cxd4 4. Qxd4 Nc6 5. Bb5 Bd7 6. Bxc6 Bxc6 7. Bg5 e5 8. Qd2 Be7 9. h4 Nf6 10. Bxf6 Bxf6 11. Nf3 0-0 12. 0-0-0 Qb6 13. g4 Rfd8 14. g5 Be7 15. h5 f5 16. Nd5 Bxd5 17. Qxd5+ Kh8 18. h6 Rf8 19. hxg7+ Kxg7 20. Qe6 Qxf2 21. Qxe7+ Rf7 22. Rxh7+ Kxh7 23. Qxf7+ 1-0

[Event "Coimbra op"]
[Site "Coimbra"]
[Date "2015.05.03"]
[Round "6"]
[White "Gomes, Jose Luis Soares"]
[Black "Silva, Miguel Antonio Neto"]
[Result "0-1"]
[WhiteElo "1966"]
[BlackElo "2186"]
[PlyCount "90"]
[EventDate "2015.04.30"]
[EventType "swiss"]
[EventRounds "7"]
[EventCountry "POR"]
[SourceTitle "CBM 166 Extra"]
[Source "ChessBase"]
[SourceDate "2015.06.18"]
[SourceVersion "1"]
[SourceVersionDate "2015.06.18"]
[SourceQuality "1"]

1. e4 c5 2. d4 cxd4 3. c3 dxc3 4. Nxc3 Nc6 5. Nf3 d6 6. Bc4 a6 7. 0-0 Nf6 8. h3 e6 9. Qe2 b5 10. Bb3 Bb7 11. Rd1 Qb8 12. Bf4 Ne5 13. Bxe5 dxe5 14. Nxb5 Be7 15. Nc3 0-0 16. Bc4 Bb4 17. Bd3 Bxc3 18. bxc3 Nd7 19. Rab1 Nc5 20. Bc2 Qc7 21. Qc4 Rfc8 22. Ne1 Qe7 23. Qe2 a5 24. f3 Ba6 25. Qe3 Rab8 26. Rxb8 Rxb8 27. Rb1 Rc8 28. Rb6 Qc7 29. Rb1 h6 30. Rc1 Bc4 31. a3 Qe7 32. Bd3 Nb3 33. Rc2 Qxa3 34. Bxc4 Rxc4 35. Kf2 a4 36. Qd3 Qc5+ 37. Ke2 a3 38. Qd8+ Kh7 39. Qe8 Nd4+ 40. Kd1 Nxc2 41. Nxc2 Rxc3 42. Qa4 Qg1+ 43. Kd2 Qc5 44. g4 Rxf3 45. h4 Qc3+ 0-1

[Event "Almada op 3rd"]
[Site "Almada"]
[Date "2007.??.??"]
[Round "2"]
[White "Gomes, Jose Luis Soares"]
[Black "Brito, Manuel"]
[Result "1-0"]
[WhiteElo "1986"]
[BlackElo "1833"]
[PlyCount "39"]
[EventDate "2007.??.??"]
[EventType "swiss"]
[EventRounds "7"]
[EventCountry "POR"]
[SourceTitle "EXT 2010"]
[Source "ChessBase"]
[SourceDate "2010.11.25"]
[SourceVersion "1"]
[SourceVersionDate "2010.11.25"]
[SourceQuality "1"]

1. e4 c5 2. d4 cxd4 3. c3 d3 4. Bxd3 Nc6 5. Nf3 d6 6. 0-0 Bg4 7. h3 Bh5 8. Be3 a6 9. Nbd2 Nf6 10. Qb3 Qc8 11. Rac1 Nd7 12. g4 Bg6 13. Nh4 Nde5 14. Be2 f6 15. Nxg6 hxg6 16. Kg2 e6 17. f4 Nf7 18. Nc4 b5 19. Nb6 Qb7 20. Qxe6+ 1-0